000 01407nam a2200217 a 4500
008 190822s1988 ||||||||||||||||| || u
020 _a9780471923855
050 _aTA 357 Hir
100 _aHirsch, Charles
245 1 0 _aNumerical computation of internal and external flows : Volume 1 : fundamentals of numerical discretization
_cBy Charles Hirsch
260 _aChichester
_bJohn Wiley & Sons
_c1988
300 _axix, 515 pages : illustrations
650 0 _aCOMPUTATIONAL FLUID DYNAMICS
650 _aFLUID DYNAMICS
650 _aFLUID DYNAMICS--MATHEMATICAL MODELS
995 _D192.89
_FCBU-MAIN LIBRARY (Kitwe)
_M4
_UAVAILABLE
_WAug 26, 2019
_ZMain Library Open Access Collection
995 _D192.89
_FCBU-MAIN LIBRARY (Kitwe)
_M5
_UAVAILABLE
_WAug 26, 2019
_ZMain Library Open Access Collection
995 _D192.89
_FCBU-MAIN LIBRARY (Kitwe)
_M1
_UAVAILABLE
_WAug 26, 2019
_ZMain Library Open Access Collection
995 _D192.89
_FCBU-MAIN LIBRARY (Kitwe)
_M2
_UAVAILABLE
_WAug 26, 2019
_ZMain Library Open Access Collection
995 _D192.89
_FCBU-MAIN LIBRARY (Kitwe)
_M3
_UAVAILABLE
_WAug 26, 2019
_ZMain Library Open Access Collection
999 _c81518
_d81518